Slota je ojedinelý typ politika, ktorý čestne a otvorene hovorí to, čo ...

Bibliographic Details
Main Authors: Pavlík, Radovan (Author, Interviewer), Rafaj, Rafael, 1959- (Author)
Format: Article
Language:Slovak
PhysicalDescription:Fotogr.
ISSN:1335-4426
Subjects:

MARC

LEADER 00000nab a2200000 ar4500
001 vtls008944512
003 SK-MaSNL
005 20260426073732.0
008 070209c2007 xo wr|p|||||||000 b|slo
015 |a SNBRB2007/02  |2 snkbucl 
040 |a SNKBUCL  |b slo  |c SNKBUCL  |e AACR2 
041 0 |a slo 
044 |a xo  |c SK 
080 |a 32-051  |2 2001 
080 |a 929 Rafaj, Rafael  |2 2001 
080 |a 329.17  |x (437.6)  |b SNS  |2 snkbucl 
100 1 |a Pavlík, Radovan  |4 ivr  |4 aut  |9 764267 
245 1 0 |a Slota je ojedinelý typ politika, ktorý čestne a otvorene hovorí to, čo ...  |c Radovan Pavlík, Rafael Rafaj 
300 |b Fotogr. 
500 |a Od č. 5 zmenený názov na Domino efekt. Zmenená i grafika periodika 
600 1 7 |a Rafaj, Rafael,  |d 1959-  |2 snkbucl  |9 106517 
610 2 7 |a Slovenská národná strana (1990-)  |2 snkbucl  |9 31006 
650 0 7 |a politika  |2 snkbucl  |9 968 
651 7 |a Slovensko  |2 snkbucl  |9 14231 
700 1 |a Rafaj, Rafael,  |d 1959-  |4 ive  |4 aut  |9 106517 
773 0 |t Domino fórum  |g Roč. XVI, č. 03-04 (2007), s. 12-14  |x 1335-4426 
852 |a SNK  |b KIS3GCP 
958 |a SK 
958 |a BX 
999 |c 2716767  |d 2718697